[Event "Veracruz op 2nd"]
[Site "Xalapa"]
[Date "2024.04.27"]
[Round "4"]
[White "Gutierrez Delgado, Yusuan Alfredo"]
[Black "Otero Acosta, Diasmany"]
[Result "1/2-1/2"]
[WhiteElo "2316"]
[BlackElo "2387"]
[PlyCount "71"]
[EventDate "2024.04.25"]
[EventType "swiss"]
[EventRounds "6"]
[EventCountry "MEX"]
[SourceTitle "CB18_2024"]
[SourceDate "2024.05.01"]
[SourceVersion "1"]
[SourceVersionDate "2024.05.01"]
[SourceQuality "2"]

1. e4 e5 2. Nf3 Nc6 3. Bb5 a6 4. Ba4 d6 5. c3 f5 6. exf5 Bxf5 7. 0-0 Bd3 8. Re1 Be7 9. Bc2 Bxc2 10. Qxc2 Nf6 11. d4 e4 12. Ng5 d5 13. Nd2 Ng4 14. f3 Bxg5 15. fxg4 0-0 16. Nf1 Rf7 17. Bxg5 Qxg5 18. Ne3 Ne7 19. Qd2 Raf8 20. Rf1 c6 21. Rxf7 Rxf7 22. Rf1 Rxf1+ 23. Kxf1 h5 24. Qf2 hxg4 25. Ke2 Ng6 26. g3 Nf8 27. Qf5 Qxf5 28. Nxf5 Nd7 29. Ke3 g5 30. Nh6+ Kg7 31. Nxg4 Kg6 32. h3 Kf5 33. Nh6+ Kg6 34. Ng4 Kf5 35. Nh6+ Ke6 36. Ng4 1/2-1/2

[Event "Veracruz op 2nd"]
[Site "Xalapa"]
[Date "2024.04.27"]
[Round "5"]
[White "Otero Acosta, Diasmany"]
[Black "Garcia De Dios, Jose Antonio"]
[Result "1/2-1/2"]
[WhiteElo "2387"]
[BlackElo "2194"]
[PlyCount "70"]
[EventDate "2024.04.25"]
[EventType "swiss"]
[EventRounds "6"]
[EventCountry "MEX"]
[SourceTitle "CB18_2024"]
[SourceDate "2024.05.01"]
[SourceVersion "1"]
[SourceVersionDate "2024.05.01"]
[SourceQuality "2"]

1. Nf3 Nf6 2. c4 g6 3. Nc3 d5 4. cxd5 Nxd5 5. Qb3 Nb6 6. d4 Bg7 7. Bg5 0-0 8. e3 Be6 9. Qa3 Re8 10. Rc1 c6 11. Ne4 N8d7 12. Nd6 f6 13. Nxe8 Qxe8 14. Bh4 Qf7 15. Nd2 a5 16. Bd3 a4 17. Bb1 Bf8 18. 0-0 Bd5 19. Ne4 e5 20. Nc5 g5 21. Bg3 exd4 22. exd4 f5 23. f3 Nc4 24. Qc3 Nxc5 25. dxc5 Bg7 26. Qd3 Bxb2 27. Rce1 f4 28. Bf2 Rd8 29. Re2 Bf6 30. Rfe1 Ne3 31. Bxe3 Bc4 32. Qc2 Bxe2 33. Bf2 Bd3 34. Qxa4 Bxb1 35. Rxb1 Rd7 1/2-1/2

[Event "Mexican op 69th"]
[Site "Mexico City"]
[Date "2024.03.29"]
[Round "5"]
[White "Otero Acosta, Diasmany"]
[Black "Espinosa Veloz, Ermes"]
[Result "1/2-1/2"]
[WhiteElo "2387"]
[BlackElo "2484"]
[PlyCount "55"]
[EventDate "2024.03.26"]
[EventType "swiss"]
[EventRounds "9"]
[EventCountry "MEX"]
[SourceTitle "CB14_2024"]
[SourceDate "2024.04.01"]
[SourceVersion "1"]
[SourceVersionDate "2024.04.01"]
[SourceQuality "1"]

1. e4 e5 2. Nf3 Nf6 3. Nc3 Nc6 4. d4 exd4 5. Nxd4 Bb4 6. Nxc6 bxc6 7. Bd3 d5 8. exd5 cxd5 9. 0-0 0-0 10. h3 c6 11. Qf3 Bd6 12. Bf4 Rb8 13. b3 Qc7 14. Bxd6 Qxd6 15. Rfe1 Bd7 16. Ne2 Rfe8 17. Ng3 c5 18. c4 d4 19. Ne4 Nxe4 20. Bxe4 g6 21. Bd5 Re7 22. Re4 Rbe8 23. Rae1 Kg7 24. Rxe7 Rxe7 25. Rxe7 Qxe7 26. Qe4 Qxe4 27. Bxe4 Bf5 28. Bd3 1/2-1/2

[Event "Cali Masificacion op"]
[Site "Cali"]
[Date "2021.12.28"]
[Round "4"]
[White "Guerra Tulcan, Lenin"]
[Black "Otero Acosta, Diasmany"]
[Result "0-1"]
[WhiteElo "2344"]
[BlackElo "2352"]
[PlyCount "58"]
[EventDate "2021.12.26"]
[EventType "swiss"]
[EventRounds "7"]
[EventCountry "COL"]
[SourceTitle "CBM 205 Extra"]
[Source "ChessBase"]
[SourceDate "2022.01.31"]
[SourceVersion "1"]
[SourceVersionDate "2022.01.31"]
[SourceQuality "1"]

1. e4 c5 2. Nf3 d6 3. c4 e5 4. Nc3 g6 5. Be2 Bg7 6. 0-0 Ne7 7. d3 Nbc6 8. Ne1 0-0 9. Nc2 h6 10. a3 f5 11. exf5 gxf5 12. Bf3 Be6 13. Ne3 Qd7 14. Bd5 f4 15. Bxe6+ Qxe6 16. Ned5 f3 17. gxf3 Nd4 18. Kh1 Nxd5 19. Nxd5 Qh3 20. Rg1 Nxf3 21. Rg2 Kh8 22. Ne7 Rf6 23. Be3 Re8 24. Nd5 Rf5 25. Qe2 Ref8 26. Ne7 Rh5 27. Ng6+ Kg8 28. Qxf3 Rxf3 29. Rag1 Rf7 0-1

[Event "Cali Masificacion op"]
[Site "Cali"]
[Date "2021.12.28"]
[Round "5"]
[White "Otero Acosta, Diasmany"]
[Black "Lopez Rayo, Santiago"]
[Result "1-0"]
[WhiteElo "2352"]
[BlackElo "2139"]
[PlyCount "79"]
[EventDate "2021.12.26"]
[EventType "swiss"]
[EventRounds "7"]
[EventCountry "COL"]
[SourceTitle "CBM 205 Extra"]
[Source "ChessBase"]
[SourceDate "2022.01.31"]
[SourceVersion "1"]
[SourceVersionDate "2022.01.31"]
[SourceQuality "1"]

1. d4 d5 2. c4 c6 3. Nf3 Nf6 4. e3 e6 5. Nc3 Nbd7 6. Qc2 Bd6 7. b3 0-0 8. Be2 dxc4 9. bxc4 c5 10. 0-0 cxd4 11. exd4 a6 12. Rd1 Qc7 13. Ne4 Be7 14. Nxf6+ Nxf6 15. Ne5 Nd7 16. Bf4 Bd6 17. Bd3 h6 18. Qe2 Rd8 19. Qh5 Nxe5 20. dxe5 Bf8 21. Qg4 Kh8 22. Rab1 Bd7 23. Bg5 Rdb8 24. Qe4 g6 25. Bf6+ Kh7 26. h4 h5 27. g4 Bc6 28. Qe2 hxg4 29. Qxg4 Bh6 30. h5 Rg8 31. hxg6+ fxg6 32. Be4 Raf8 33. Bxc6 Qxc6 34. Rd6 Qc8 35. Qxe6 Qxe6 36. Rxe6 Rf7 37. Reb6 Rc8 38. Rxb7 Rcc7 39. Rxc7 Rxc7 40. e6 1-0

[Event "Cali Masificacion op"]
[Site "Cali"]
[Date "2021.12.27"]
[Round "3"]
[White "Otero Acosta, Diasmany"]
[Black "Herrera, Juan Sebastian"]
[Result "1-0"]
[WhiteElo "2352"]
[BlackElo "2204"]
[PlyCount "119"]
[EventDate "2021.12.26"]
[EventType "swiss"]
[EventRounds "7"]
[EventCountry "COL"]
[SourceTitle "CBM 205 Extra"]
[Source "ChessBase"]
[SourceDate "2022.01.31"]
[SourceVersion "1"]
[SourceVersionDate "2022.01.31"]
[SourceQuality "1"]

1. d4 Nf6 2. Nf3 g6 3. c4 Bg7 4. Nc3 d5 5. cxd5 Nxd5 6. e4 Nxc3 7. bxc3 c5 8. Bb5+ Nc6 9. 0-0 Qa5 10. Qa4 Qxa4 11. Bxa4 0-0 12. Be3 cxd4 13. cxd4 Bg4 14. Bxc6 bxc6 15. Rfc1 Rfd8 16. Ne5 Bxe5 17. dxe5 Rdc8 18. Rab1 Rc7 19. f3 Be6 20. a4 Rac8 21. Rc5 Kf8 22. Kf2 Ke8 23. g4 Kd7 24. Kg3 Ra8 25. f4 Kc8 26. f5 Bd7 27. e6 fxe6 28. fxe6 Bxe6 29. Bf4 Rb7 30. Rxc6+ Kd7 31. Rxb7+ Kxc6 32. Rxe7 Bg8 33. a5 a6 34. Be3 Kd6 35. Rb7 Rc8 36. Kf4 h5 37. Rb6+ Rc6 38. gxh5 gxh5 39. Kg5 Kc7 40. Rxc6+ Kxc6 41. Kxh5 Bh7 42. e5 Kd5 43. Bf4 Ke4 44. e6 Kf5 45. e7 Bg6+ 46. Kh6 Be8 47. Bg5 Ke6 48. Kg7 Bh5 49. Kf8 Kd7 50. Bd2 Be8 51. Bb4 Bh5 52. Kg7 Ke6 53. Kh6 Be8 54. Kg5 Kf7 55. h4 Bd7 56. h5 Ba4 57. Kf5 Bd1 58. h6 Bc2+ 59. Ke5 Ke8 60. Kf6 1-0

[Event "Cali Masificacion op"]
[Site "Cali"]
[Date "2021.12.26"]
[Round "1"]
[White "Otero Acosta, Diasmany"]
[Black "Guerrero, Ever"]
[Result "1-0"]
[WhiteElo "2352"]
[BlackElo "2079"]
[PlyCount "91"]
[EventDate "2021.12.26"]
[EventType "swiss"]
[EventRounds "7"]
[EventCountry "COL"]
[SourceTitle "CBM 205 Extra"]
[Source "ChessBase"]
[SourceDate "2022.01.31"]
[SourceVersion "1"]
[SourceVersionDate "2022.01.31"]
[SourceQuality "1"]

1. d4 Nf6 2. Nf3 e6 3. Bf4 d5 4. e3 Bd6 5. Ne5 Nbd7 6. Nd2 Qe7 7. Bd3 c5 8. c3 a6 9. Bg3 g6 10. f4 cxd4 11. cxd4 Nh5 12. Bf2 Bxe5 13. fxe5 f5 14. Rc1 0-0 15. 0-0 Nb6 16. Qb3 Qd8 17. Nf3 h6 18. Be1 Nc4 19. Bb4 Rf7 20. Bxc4 dxc4 21. Rxc4 Bd7 22. Rfc1 Qb6 23. Rc5 Ng7 24. Nd2 Bc6 25. Nc4 Qd8 26. Nd6 Rf8 27. Qd3 Qg5 28. e4 fxe4 29. Nxe4 Qf5 30. Rxc6 bxc6 31. Bxf8 Rxf8 32. Rf1 Qxf1+ 33. Qxf1 Rxf1+ 34. Kxf1 Nf5 35. Ke2 Nxd4+ 36. Kd3 Nb5 37. Kc4 Kf7 38. Kc5 Ke7 39. Kxc6 Nd4+ 40. Kb6 a5 41. a4 h5 42. Nc5 h4 43. h3 g5 44. b4 Kd8 45. bxa5 Kc8 46. a6 1-0

[Event "Medellin Luces op"]
[Site "Medellin"]
[Date "2021.12.20"]
[Round "7"]
[White "Pedraza, Yonnattanth"]
[Black "Otero Acosta, Diasmany"]
[Result "1/2-1/2"]
[WhiteElo "2116"]
[BlackElo "2342"]
[PlyCount "68"]
[EventDate "2021.12.17"]
[EventType "swiss"]
[EventRounds "7"]
[EventCountry "COL"]
[SourceTitle "CBM 206 Extra"]
[Source "ChessBase"]
[SourceDate "2022.03.31"]
[SourceVersion "1"]
[SourceVersionDate "2022.03.31"]
[SourceQuality "1"]

1. c4 e6 2. Nc3 d5 3. d4 c6 4. e4 dxe4 5. Nxe4 Bb4+ 6. Nc3 Nf6 7. Nf3 c5 8. a3 Ba5 9. Be2 cxd4 10. Nxd4 Bxc3+ 11. bxc3 0-0 12. 0-0 a6 13. Be3 Nbd7 14. Nb3 Qc7 15. Qd4 e5 16. Qd3 b6 17. Rfd1 Bb7 18. Qd6 Rac8 19. a4 a5 20. Qxc7 Rxc7 21. Rd6 Bc6 22. c5 Nxc5 23. Bxc5 bxc5 24. Nxa5 Ba8 25. Bb5 Nd5 26. c4 Nf4 27. Bc6 Ne2+ 28. Kf1 Nd4 29. Bd5 Ra7 30. Bxa8 Rfxa8 31. Nc6 Nxc6 32. Rxc6 f6 33. Rxc5 Rxa4 34. Rxa4 Rxa4 1/2-1/2

[Event "Tolima Deportivo op"]
[Site "Tolima"]
[Date "2021.11.15"]
[Round "7"]
[White "Trujillo, Otoniel"]
[Black "Otero Acosta, Diasmany"]
[Result "0-1"]
[WhiteElo "2101"]
[BlackElo "2342"]
[PlyCount "68"]
[EventDate "2021.11.12"]
[EventType "swiss"]
[EventRounds "7"]
[EventCountry "COL"]
[SourceTitle "CBM 205 Extra"]
[Source "ChessBase"]
[SourceDate "2022.01.31"]
[SourceVersion "1"]
[SourceVersionDate "2022.01.31"]
[SourceQuality "1"]

1. e4 c5 2. Nf3 e6 3. d4 cxd4 4. Nxd4 a6 5. Bd3 Nf6 6. Nd2 d6 7. Qe2 Nbd7 8. 0-0 Be7 9. c3 Qc7 10. N2f3 0-0 11. Bg5 b6 12. Rae1 Bb7 13. Bb1 Rfe8 14. Nd2 h6 15. Bxf6 Bxf6 16. f4 g6 17. Qg4 Bg7 18. f5 Ne5 19. Qh3 Qe7 20. fxe6 fxe6 21. Re3 Bc8 22. N4f3 Bd7 23. Nxe5 dxe5 24. Rg3 g5 25. Rgf3 Rf8 26. Qh5 Rf4 27. Rxf4 exf4 28. e5 Qc5+ 29. Kh1 Qxe5 30. Qf3 Rd8 31. Qd3 Qd5 32. Qh7+ Kf8 33. Ne4 Bb5 34. Re1 Qd1 0-1

[Event "Bogota El Tablazo Blitz op"]
[Site "Bogota"]
[Date "2021.11.07"]
[Round "7"]
[White "Lopez Ramirez, David Santiago"]
[Black "Otero Acosta, Diasmany"]
[Result "1-0"]
[WhiteElo "1876"]
[BlackElo "2351"]
[PlyCount "60"]
[EventDate "2021.11.07"]
[EventType "swiss"]
[EventRounds "14"]
[EventCountry "COL"]
[SourceTitle "CBM 205 Extra"]
[Source "ChessBase"]
[SourceDate "2022.01.31"]
[SourceVersion "1"]
[SourceVersionDate "2022.01.31"]
[SourceQuality "1"]

1. Nf3 d5 2. c4 c6 3. d4 Nf6 4. Nc3 e6 5. Bg5 dxc4 6. e4 b5 7. e5 h6 8. Bh4 g5 9. Nxg5 Nd5 10. Nf3 Qa5 11. Qd2 Bb4 12. Rc1 c5 13. g3 Bb7 14. Bg2 cxd4 15. Qxd4 Nc6 16. Qd2 Nce7 17. Bxe7 Kxe7 18. 0-0 Bxc3 19. bxc3 Rad8 20. Nd4 a6 21. Bxd5 Bxd5 22. Qf4 Rh7 23. Rfd1 Qxa2 24. Nc6+ Ke8 25. Nxd8 Kxd8 26. Ra1 Qe2 27. Re1 Qc2 28. Qe3 Ke7 29. Rxa6 Kf8 30. Rb6 Qb2 1-0

[Event "Bogota El Tablazo op"]
[Site "Bogota"]
[Date "2021.11.07"]
[Round "7"]
[White "Palencia Morales, Wilson Guillermo"]
[Black "Otero Acosta, Diasmany"]
[Result "1/2-1/2"]
[WhiteElo "2310"]
[BlackElo "2342"]
[PlyCount "95"]
[EventDate "2021.11.04"]
[EventType "swiss"]
[EventRounds "7"]
[EventCountry "COL"]
[SourceTitle "CBM 205 Extra"]
[Source "ChessBase"]
[SourceDate "2022.01.31"]
[SourceVersion "1"]
[SourceVersionDate "2022.01.31"]
[SourceQuality "1"]

1. c4 f5 2. d4 Nf6 3. Nc3 g6 4. h4 Bg7 5. Nh3 d6 6. d5 Na6 7. Nf4 Ne4 8. Nxe4 fxe4 9. g3 Nc5 10. Bh3 Bxh3 11. Rxh3 Qd7 12. Qc2 0-0 13. Rh2 e5 14. Nh3 c6 15. dxc6 bxc6 16. Ng5 Ne6 17. Qxe4 Nd4 18. Be3 d5 19. Qd3 e4 20. Qd2 Nf5 21. Bf4 Rfe8 22. cxd5 cxd5 23. Rd1 h6 24. Nh3 d4 25. Qc2 Rac8 26. Qb3+ Qf7 27. Qxf7+ Kxf7 28. Rc1 d3 29. Rxc8 Rxc8 30. exd3 exd3 31. Kd2 Rc2+ 32. Kxd3 Rxb2 33. Rh1 Rxa2 34. Rc1 Ra3+ 35. Kd2 Nxh4 36. Rc7+ Kg8 37. Be3 Nf3+ 38. Ke2 Nd4+ 39. Kd2 Nf3+ 40. Ke2 Nd4+ 41. Kf1 Be5 42. Rd7 Bg7 43. Rc7 Nb5 44. Rb7 a6 45. Nf4 g5 46. Nh5 Be5 47. Ng7 Bxg7 48. Rc7 1/2-1/2

[Event "Ibague op"]
[Site "Ibague"]
[Date "2021.10.21"]
[Round "4"]
[White "Otero Acosta, Diasmany"]
[Black "Corredor Sanchez, Fabian Ricardo"]
[Result "1-0"]
[WhiteElo "2348"]
[BlackElo "2055"]
[PlyCount "105"]
[EventDate "2021.10.20"]
[EventType "swiss"]
[EventRounds "9"]
[EventCountry "COL"]
[SourceTitle "CBM 204 Extra"]
[Source "ChessBase"]
[SourceDate "2021.11.30"]
[SourceVersion "1"]
[SourceVersionDate "2021.11.30"]
[SourceQuality "1"]

1. d4 d5 2. c4 e6 3. Nf3 Nf6 4. Nc3 Be7 5. Bg5 0-0 6. e3 b6 7. Rc1 Bb7 8. Bxf6 Bxf6 9. cxd5 exd5 10. g3 Nd7 11. Bg2 Re8 12. Nb5 Rc8 13. Nxa7 Ra8 14. Nb5 c6 15. Nd6 Rf8 16. Nxb7 Qc7 17. a3 Qxb7 18. 0-0 Rfc8 19. Ne1 b5 20. Bh3 Rc7 21. Bxd7 Rxd7 22. Nd3 Rc7 23. Rc3 Be7 24. Qf3 Bd6 25. Rfc1 Ra4 26. h4 h6 27. Kg2 Rc4 28. b4 Qa8 29. Nb2 Rxc3 30. Rxc3 Ra7 31. e4 dxe4 32. Qxe4 Rxa3 33. Rxa3 Qxa3 34. Nd3 Bxb4 35. Ne5 Bf8 36. Qxc6 Qd6 37. Qb7 b4 38. Qxf7+ Kh7 39. f4 Qf6 40. Qxf6 gxf6 41. Nc4 f5 42. Kf3 h5 43. Ke3 Kg7 44. Kd3 Kf6 45. Ne3 Bg7 46. Nd5+ Ke6 47. Nxb4 Bf8 48. Nc2 Bd6 49. Kc4 Bc7 50. d5+ Kd7 51. Nd4 Bb6 52. Nxf5 Bf2 53. Kd3 1-0

[Event "Manizales Las Americas op-A"]
[Site "Manizales"]
[Date "2021.10.16"]
[Round "5"]
[White "Barrientos Chavarriaga, Sergio E"]
[Black "Otero Acosta, Diasmany"]
[Result "1-0"]
[WhiteElo "2448"]
[BlackElo "2348"]
[PlyCount "135"]
[EventDate "2021.10.14"]
[EventType "swiss"]
[EventRounds "10"]
[EventCountry "COL"]
[SourceTitle "CBM 204 Extra"]
[Source "ChessBase"]
[SourceDate "2021.11.30"]
[SourceVersion "1"]
[SourceVersionDate "2021.11.30"]
[SourceQuality "1"]

1. d4 d5 2. c4 c6 3. Nf3 Nf6 4. g3 Bf5 5. Nc3 e6 6. Bg2 Nbd7 7. 0-0 dxc4 8. Bg5 Be7 9. h3 0-0 10. Nh4 h6 11. Bxf6 Bxf6 12. Nxf5 exf5 13. e3 Nb6 14. Rc1 Qe7 15. Qc2 g6 16. Na4 Nd5 17. Qxc4 Nxe3 18. fxe3 b5 19. Qd3 bxa4 20. Rxc6 Rab8 21. Qc3 Rfd8 22. g4 Bg5 23. gxf5 Bxe3+ 24. Kh1 Bxd4 25. Qf3 Qe3 26. fxg6 Qxf3 27. Rxf3 fxg6 28. Rxg6+ Kh7 29. Rg4 Rxb2 30. Rf7+ Kh8 31. Be4 Bg7 32. Rgxg7 Re2 33. Bg2 Rxa2 34. Rh7+ Kg8 35. Rfg7+ Kf8 36. Rxa7 Kg8 37. Rxh6 Rd1+ 38. Kh2 Rdd2 39. Rg6+ Kf8 40. Rg3 Rd4 41. Rf3+ Kg8 42. Rc3 Rd8 43. Kg3 Kh8 44. Bf3 Rb8 45. Rc4 Rg8+ 46. Rg4 Ra3 47. Ra6 Rg7 48. Ra5 Kh7 49. Rxg7+ Kxg7 50. h4 Ra1 51. Kf4 a3 52. Ra7+ Kh6 53. Ra6+ Kg7 54. Kg5 a2 55. Bg4 Rb1 56. Ra7+ Kh8 57. Rxa2 Rb8 58. Bf5 Rg8+ 59. Bg6 Rb8 60. Ra7 Kg8 61. Bf5 Kh8 62. Be6 Rb5+ 63. Bf5 Rb8 64. Kh6 Re8 65. Bg6 Rd8 66. Rh7+ Kg8 67. Bf7+ Kf8 68. Rh8+ 1-0

[Event "Manizales Las Americas op-A"]
[Site "Manizales"]
[Date "2021.10.15"]
[Round "3"]
[White "Lopez Rayo, Santiago"]
[Black "Otero Acosta, Diasmany"]
[Result "0-1"]
[WhiteElo "2019"]
[BlackElo "2348"]
[PlyCount "76"]
[EventDate "2021.10.14"]
[EventType "swiss"]
[EventRounds "10"]
[EventCountry "COL"]
[SourceTitle "CBM 204 Extra"]
[Source "ChessBase"]
[SourceDate "2021.11.30"]
[SourceVersion "1"]
[SourceVersionDate "2021.11.30"]
[SourceQuality "1"]

1. e4 c5 2. Nf3 e6 3. d4 cxd4 4. Nxd4 Nf6 5. Nc3 Nc6 6. Ndb5 d6 7. Bf4 e5 8. Bg5 a6 9. Na3 b5 10. Nd5 Be7 11. Bxf6 Bxf6 12. c4 b4 13. Nc2 a5 14. g3 Bg5 15. h4 Bh6 16. Bh3 0-0 17. Bxc8 Rxc8 18. b3 Kh8 19. Qh5 Qe8 20. Rd1 Qe6 21. 0-0 f5 22. exf5 Rxf5 23. Qg4 Rcf8 24. Qe4 Nd8 25. f3 g5 26. Nce3 R5f7 27. h5 Nb7 28. Qg4 Qe8 29. a3 bxa3 30. Nc3 Qc6 31. Kg2 Nc5 32. Nb5 e4 33. Rxd6 exf3+ 34. Kh3 Qe8 35. Qd4+ Bg7 36. Qxc5 Rf5 37. Nxf5 Qxh5+ 38. Nh4 g4+ 0-1

[Event "Manizales Las Americas op-A"]
[Site "Manizales"]
[Date "2021.10.15"]
[Round "4"]
[White "Otero Acosta, Diasmany"]
[Black "Munoz Galvez, Jhon Edison"]
[Result "1-0"]
[WhiteElo "2348"]
[BlackElo "2326"]
[PlyCount "104"]
[EventDate "2021.10.14"]
[EventType "swiss"]
[EventRounds "10"]
[EventCountry "COL"]
[SourceTitle "CBM 204 Extra"]
[Source "ChessBase"]
[SourceDate "2021.11.30"]
[SourceVersion "1"]
[SourceVersionDate "2021.11.30"]
[SourceQuality "1"]

1. e4 e5 2. Nf3 Nc6 3. Bc4 Bc5 4. c3 Nf6 5. d3 d6 6. 0-0 0-0 7. Nbd2 a5 8. a4 Ba7 9. h3 Ne7 10. Re1 Ng6 11. Nf1 c6 12. Ng3 Re8 13. Bb3 Be6 14. d4 Bxb3 15. Qxb3 Qc7 16. Bg5 Nd7 17. Nf5 Ndf8 18. Rad1 Ne6 19. Be3 exd4 20. cxd4 Nef4 21. Bxf4 Nxf4 22. g3 Ne6 23. d5 cxd5 24. Rxd5 Rad8 25. Red1 Bc5 26. Kg2 Bb4 27. Qe3 f6 28. N3d4 Nxd4 29. Nxd4 Qc4 30. Qf3 Re5 31. b3 Qc3 32. Qxc3 Bxc3 33. Nb5 Bb4 34. Rxe5 fxe5 35. f4 exf4 36. gxf4 Rf8 37. Kf3 Rf6 38. f5 g6 39. Kg4 Kg7 40. Nc7 gxf5+ 41. exf5 Rf7 42. Nd5 Bc5 43. h4 b5 44. f6+ Kf8 45. axb5 Rb7 46. Kf5 Rxb5 47. Rd3 Bf2 48. Ke6 Rc5 49. Rd2 Be1 50. Rg2 Bc3 51. h5 Bd4 52. f7 h6 1-0

[Event "Manizales Las Americas op-A"]
[Site "Manizales"]
[Date "2021.10.14"]
[Round "2"]
[White "Otero Acosta, Diasmany"]
[Black "Hernandez, Jeronimo"]
[Result "1-0"]
[WhiteElo "2348"]
[BlackElo "2033"]
[PlyCount "80"]
[EventDate "2021.10.14"]
[EventType "swiss"]
[EventRounds "10"]
[EventCountry "COL"]
[SourceTitle "CBM 204 Extra"]
[Source "ChessBase"]
[SourceDate "2021.11.30"]
[SourceVersion "1"]
[SourceVersionDate "2021.11.30"]
[SourceQuality "1"]

1. e4 c6 2. Nc3 d5 3. Nf3 Nf6 4. e5 Ne4 5. d3 Nxc3 6. bxc3 c5 7. g3 Nc6 8. Bg2 Bg4 9. h3 Bxf3 10. Qxf3 e6 11. Qe2 Qc7 12. f4 h5 13. 0-0 0-0-0 14. Bd2 Be7 15. a4 g6 16. Rfb1 Rd7 17. a5 a6 18. Rb2 c4 19. Be3 cxd3 20. cxd3 Kb8 21. Bb6 Qc8 22. Qf2 f6 23. exf6 Bxf6 24. d4 h4 25. g4 g5 26. Re1 Re8 27. Rbe2 Nd8 28. f5 Rd6 29. Bc5 Rc6 30. Bxd5 Rxc5 31. dxc5 Bxc3 32. Rc1 Bxa5 33. fxe6 Nxe6 34. Qf7 Nc7 35. Rxe8 Qxe8 36. Qxe8+ Nxe8 37. Rb1 b5 38. cxb6 Nf6 39. Bc6 Bc3 40. Rd1 Bd4+ 1-0

[Event "Mexico City Fenamac-B 3rd"]
[Site "Mexico City"]
[Date "2021.07.23"]
[Round "4"]
[White "Otero Acosta, Diasmany"]
[Black "Luna Javier, Edgar Froylan"]
[Result "1/2-1/2"]
[WhiteElo "2370"]
[BlackElo "2168"]
[PlyCount "166"]
[EventDate "2021.07.21"]
[EventType "tourn"]
[EventRounds "9"]
[EventCountry "MEX"]
[EventCategory "2"]
[SourceTitle "CBM 203 Extra"]
[Source "ChessBase"]
[SourceDate "2021.09.30"]
[SourceVersion "1"]
[SourceVersionDate "2021.09.30"]
[SourceQuality "1"]

1. d4 Nf6 2. c4 g6 3. Nc3 d5 4. Bg5 Ne4 5. Bh4 Nxc3 6. bxc3 Bg7 7. e3 c5 8. cxd5 Qxd5 9. Nf3 Nc6 10. Be2 cxd4 11. cxd4 e5 12. dxe5 Qa5+ 13. Qd2 Qxd2+ 14. Kxd2 Nxe5 15. Rac1 0-0 16. Nd4 Nc6 17. Nxc6 bxc6 18. Rxc6 Bb7 19. Rc7 Bxg2 20. Rhc1 Be5 21. Re7 Rfe8 22. f4 Rxe7 23. Bxe7 Re8 24. Bh4 Bd6 25. Bf6 Bb4+ 26. Kd1 Ba5 27. Bd4 Rd8 28. Kc2 Rc8+ 29. Kb2 Rxc1 30. Kxc1 Bb6 31. Bxb6 axb6 32. Bc4 Kf8 33. Kd2 Ke7 34. Kc3 f6 35. Kd4 h5 36. e4 h4 37. e5 h3 38. a3 Bf3 39. Ke3 Bg2 40. Kf2 Be4 41. Kg3 fxe5 42. fxe5 Bf5 43. Kf4 Be6 44. Bd3 Bf7 45. Bf1 Be6 46. Kg5 Bf5 47. Bc4 Be4 48. Kg4 Bf5+ 49. Kh4 Kd7 50. Kg5 Ke7 51. Bg8 Kf8 52. Bc4 Ke7 53. Bd5 Bd3 54. Kf4 Bf5 55. Bb7 Kd7 56. Ba6 Ke7 57. Bf1 Kf7 58. Be2 Ke7 59. Bc4 Bc2 60. Kg5 Be4 61. Kg4 Bf5+ 62. Kh4 Kd7 63. Bg8 Ke7 64. Kg5 Kf8 65. Bd5 Ke7 66. Bc4 Be4 67. Bf1 Bf5 68. Kf4 Ke6 69. Bc4+ Ke7 70. Kg5 Be4 71. Bg8 Bf5 72. Bh7 Kf7 73. e6+ Kxe6 74. Bxg6 Bxg6 75. Kxg6 b5 76. Kg5 Kd5 77. Kg4 Kc4 78. Kxh3 Kb3 79. Kg4 Kxa3 80. h4 b4 81. h5 b3 82. h6 b2 83. h7 b1Q 1/2-1/2